Statistics for 10 Facts about Pi

Click here to take the quiz!

General Stats

  • This quiz has been taken 52 times
  • The average score is 6 of 10

Answer Stats

# Clue Answer % Correct
2Which month is "Pi Day" is celebrated.March
94%
3How many trillion digits has Pi been calculated to?Two
94%
1What are the first 4 digits after the decimal point of Pi?1415
87%
5What shape is Pi usually related to?Circle
85%
9How many digits does Pi have?Infinite
81%
8What number, when divided by 7, provides a common approximation for Pi?22
79%
4Which famous physicist was born on Pi Day?Albert Einstein
55%
10Which greek letter is often used to represent 2π (2 times Pi)?Tau
40%
6In what year was the greek letter 'pi' introduced as the symbol for Pi?1706
6%
7What is the world record number of digits Pi has been recited to?67,890
2%

Score Distribution

Percentile by Number Answered

Percent of People with Each Score

Your Score History

You have not taken this quiz